000 01758cas a22004571a 4500
001 data
005 20260322212115.0
007 data
007 data
008 data
035 _a11449679
906 _a7
_bcbc
_cserials
_du
_encip
_f19
_gn-oclcserc
010 _asf 95098004
035 _a(OCoLC)35814402
040 _aDLC
_beng
_cDLC
_dOCLCQ
_dOCLCO
_dOCLCF
_dOCLCO
_dOCLCQ
042 _apcc
050 0 0 _aMicrofilm 95/1654
245 0 0 _aSpeed adventure stories.
260 _aNew York, N.Y. :
_bTrojan Pub. Corp.,
_c1943-1946.
300 _avolumes :
_billustrations ;
_c25 cm
310 _aQuarterly
336 _atext
_btxt
_2rdacontent
337 _amicroform
_bh
_2rdamedia
338 _amicrofilm reel
_bhd
_2rdacarrier
362 0 _aVol. 1, no. 1 (Jan. 1943)-v. 3, no. 6 (Jan. 1946).
500 _aImprint varies: Chicago, Ill., Feb. 1943-Sept. 1943; Springfield, Mass., Nov. 1943-Jan. 1946.
500 _aPublisher varies: Arrow Publications, May 1944-Jan. 1946.
500 _aTitle from cover.
533 _aMicrofilm.
_mv.1:no. 1-v.3:no. 6 (Jan. 1943-Jan. 1946)
_bWashington, D.C. :
_cAvailable from Library of Congress Photoduplication Service.
_cAvailable from Library of Congress Photoduplication Service.
_e2 microfilm reels ; 35 mm.
590 _aSERBIB/SERLOC merged record
650 0 _aAdventure stories
_vPeriodicals.
650 7 _aAdventure stories.
_2fast
_0(OCoLC)fst00797462
655 7 _aPeriodicals.
_2fast
_0(OCoLC)fst01411641
776 1 _cOriginal
_w(OCoLC)20989669
_w(OCoLC)20989669
890 _aSpeed adventure stories. [microfilm]
_isf95-98004
920 _aKeep 1
991 _bc-MicRR
_hMicrofilm 95/1654
_wSERIALS
992 _bMicRR
_wSERLOC
999 _c1729
_d1729